| 000 | 01337nam a2200289 4500 | ||
|---|---|---|---|
| 005 | 20240530110349.0 | ||
| 008 | 141215s2006 ua g b 000 0dara d | ||
| 017 |
_a7501/2006 _bمصر . دار الكتب المصرية |
||
| 020 | _a977258235 | ||
| 040 | _aEG-CaGPL | ||
| 041 | 0 | _aara | |
| 082 | 0 | 4 |
_221 _a962.63\ _bع أ |
| 100 | 0 | _aعبدالقادر احمد عثمان على | |
| 245 | 1 | 0 |
_aاسواق ام درمان : _bواثارها على الحياة الاقتصادية والاجتماعية 1302 - 1376 هـ : 1885 - 1956 م / _cتاليف عبدالقادر احمد عثمان على |
| 250 | _aط1 | ||
| 260 |
_aالقاهرة : _bالدار العربية للنشر والتوزيع ، _c2006 |
||
| 300 |
_a210 ص ؛ _c24 سم |
||
| 490 | 1 |
_aجامعة الزعيم الازهرى : مركز البحوث والدراسات السودانية : سلسلة بحوث ودراسات ؛ _v7 |
|
| 504 | _aببليوجرافية : ص 193 - 207 | ||
| 650 | 0 | 4 |
_aاسواق العرب _xتاريخ |
| 650 | 0 | 4 | _aسوق ام درمان ( السودان ) |
| 650 | 0 | 4 |
_aسوق ام درمان ( السودان ) _xتنظيم وادارة |
| 650 | 0 | 4 | _aالاسواق فى الدين والفلكلور |
| 651 | 0 | 4 |
_aالسودان _xاسواق |
| 942 |
_2ddc _cBK |
||
| 999 |
_c60030 _d60030 |
||